|
|
|
|
| LEADER |
00000nam0a2200000 4500 |
| 001 |
228600 |
| 005 |
20231101230904.0 |
| 035 |
|
|
|a (RuTPU)RU\TPU\book\249076
|
| 090 |
|
|
|a 228600
|
| 100 |
|
|
|a 20121220d1976 k y0rusy50 ca
|
| 101 |
0 |
|
|a rus
|
| 102 |
|
|
|a RU
|
| 105 |
|
|
|a a z 001zy
|
| 200 |
0 |
|
|a Т. 4
|f под ред. Г. М. Глинкова
|
| 210 |
|
|
|d 1976
|
| 215 |
|
|
|a 99 с.
|c ил.
|
| 320 |
|
|
|a Библиогр.: с. 93-99
|
| 461 |
|
|
|t Металлургическая теплотехника. Оборудование, контрольно измерительные приборы и автоматизация металлургического производства
|f Академия наук СССР, Всесоюзный институт научной и технической информации
|v Т. 4
|d 1966-
|s Металлургическая теплотехника. Оборудование, контрольно измерительные приборы и автоматизация металлургического производства
|
| 606 |
1 |
|
|a Металлургическая теплотехника
|2 stltpush
|3 (RuTPU)RU\TPU\subj\73963
|9 86610
|
| 610 |
1 |
|
|a металлургическое производство
|
| 610 |
1 |
|
|a контрольно-измерительные приборы
|
| 610 |
1 |
|
|a оборудование
|
| 610 |
1 |
|
|a автоматизация
|
| 610 |
1 |
|
|a металлургические печи
|
| 610 |
1 |
|
|a конструкции
|
| 610 |
1 |
|
|a тепловая работа
|
| 675 |
|
|
|a 669.04
|v 3
|
| 702 |
|
1 |
|a Глинков
|b Г. М.
|4 340
|
| 801 |
|
1 |
|a RU
|b 63413507
|c 20121220
|
| 801 |
|
2 |
|a RU
|b 63413507
|c 20210524
|g RCR
|
| 942 |
|
|
|c BK
|